书目信息 |
| 题名: |
龙脊
|
|
| 作者: | 银鹤 著 | |
| 分册: | ||
| 出版信息: | 哈尔滨 北方文艺出版社 2022.05 |
|
| 页数: | 404页 | |
| 开本: | 24cm | |
| 丛书名: | ||
| 单 册: | ||
| 中图分类: | K296.1 | |
| 科图分类: | ||
| 主题词: | ||
| 电子资源: | ||
| ISBN: | 978-7-5317-5471-8 | |
| 000 | 01017nam0 2200229 450 | |
| 001 | CAL 012022053623 | |
| 005 | 20230217093112.0 | |
| 010 | @a978-7-5317-5471-8@dCNY80.00 | |
| 100 | @a20221118d2022 em y0chiy0120 ea | |
| 101 | 0 | @achi |
| 102 | @aCN@b230000 | |
| 105 | @ay z 000yy | |
| 106 | @ar | |
| 200 | 1 | @a龙脊@Along ji@f银鹤著 |
| 210 | @a哈尔滨@c北方文艺出版社@d2022.05 | |
| 215 | @a404页@d24cm | |
| 330 | @a本书讲述颍川古郡名胜古迹及其与华夏历史名人孔子、齐桓公、曹操等之间的渊源, 看诸葛亮等古人如何从历史、地理、民风、人心和文化等角度, 回答颍川“如龙才气盛如云, 魏晋风流已不群”这一历史命题、解读中原自古以来人才辈出人杰地灵的内在机理, 讲述大唐之骆宾王等、大宋之欧阳修、大明嘉靖、大清雍正等与颍川之间的联系……一座历经近2000年风雨的汉初古老县治, 坐落在大平原中部一条45里长的突兀黄土岗上, 是为龙脊古城, 在其身上流淌着灿烂的历史与文化。 | |
| 607 | @a河南@Ahe nan@y地方史 | |
| 690 | @aK296.1@v5 | |
| 701 | 0 | @a银鹤@Ayin he@4著 |
| 801 | 0 | @aCN@bBJXHZP@c20230228 |
| 905 | @aSXSJ@b1396539-42@dK296.1@e507@f4 | |
| 龙脊/银鹤著.-哈尔滨:北方文艺出版社,2022.05 |
| 404页;24cm |
| ISBN 978-7-5317-5471-8:CNY80.00 |
| 本书讲述颍川古郡名胜古迹及其与华夏历史名人孔子、齐桓公、曹操等之间的渊源, 看诸葛亮等古人如何从历史、地理、民风、人心和文化等角度, 回答颍川“如龙才气盛如云, 魏晋风流已不群”这一历史命题、解读中原自古以来人才辈出人杰地灵的内在机理, 讲述大唐之骆宾王等、大宋之欧阳修、大明嘉靖、大清雍正等与颍川之间的联系……一座历经近2000年风雨的汉初古老县治, 坐落在大平原中部一条45里长的突兀黄土岗上, 是为龙脊古城, 在其身上流淌着灿烂的历史与文化。 |
| ● |
| 相关链接 |
|
|
|
|
正题名:龙脊
索取号:K296.1/507
 
预约/预借
| 序号 | 登录号 | 条形码 | 馆藏地/架位号 | 状态 | 备注 |
| 1 | 1396539 | 213965397 | 第二样本阅览室/ [索取号:K296.1/507] | 在馆 | |
| 2 | 1396540 | 213965404 | 第二借阅区/ [索取号:K296.1/507] | 在馆 | |
| 3 | 1396541 | 213965413 | 第二借阅区/ [索取号:K296.1/507] | 在馆 | |
| 4 | 1396542 | 213965422 | 第二借阅区/ [索取号:K296.1/507] | 在馆 |